Hola! Hi! Ciao! - Statistics

General Stats
  • This quiz has been taken 107 times
  • The average score is 12 of 15
Answer Stats
Hint Answer % Correct
Bonjour French
97%
Hola Spanish
94%
Hello English
91%
Aloha Hawaiian
90%
Ciao Italian
88%
Konnichiwa Japanese
85%
Olá Portuguse
76%
Anyoung haseyo Korean
75%
Hallo German
72%
Nǐ hǎo Mandarin
68%
Marhaba Arabic
66%
Cześć Polish
66%
Hej Swedish
65%
Privet Russian
63%
Kamusta Filipino
54%
No matching quizzes found
Score Distribution
Percent of People with Each Score
Percentile by Number Answered
Your Score History
You have not taken this quiz